000 00420nam a2200157 a 4500
005 20140412111341.0
008 031016s19uu xx 00 eng d
020 _a0-590-04706-X
050 _aER
_bIs1 1997
245 _aI spy little wheels /
_cRhymes by Jean Marzollo.
260 _aNew York :
_bScholastic Inc,
_c1997.
300 _a[25] p. ; ill.
650 _aTransportation
650 _aRhymes
999 _c105122
_d105122